000 01235nam a22003257a 4500
003 CHAP
005 20220329143430.0
008 090709s2009 mx r 00010 spa d
010 _a96505
011 _a97477
035 _a108145
040 _cCHAP
090 _aTesis
100 1 _aGaribaldi Márquez, Francisco.
_946890
245 1 0 _aConstrucción y evaluación de un dispositivo electrónico para determinar el patinaje en un tractor agrícola 4WD
_c/por Francisco Garibaldi Márquez
260 _aChapingo, Méx. :
_bEl autor,
_c2009
300 _ax, 76 h. :
_bgráfs. , ilus. , tablas
502 _aTesis (Ing. Mecánico Agrícola) -- UACH. Ingeniería Mecánica Agrícola
590 _aALEPH
_b10
_c20130110
_lUCH01
_h1529
590 _aBATCH-UPD
_b10
_c20130110
_lUCH01
_h1812
590 _aBATCH-UPD
_b10
_c20130410
_lUCH01
_h1147
590 _aBATCH-UPD
_b10
_c20130914
_lUCH01
_h1533
590 _aCONVERSION
_b10
_c20130109
_lUCH01
_h1353
650 0 4 _aTractores
_xPruebas.
_9114586
650 1 4 _aTractores
_xDiseño.
_9114577
901 _aBK
942 _cFOLL
949 _aTesis
_bBC
_cTES
_d33724002099694
_eTS1
_gDonaciØn
_h49382
_i108145
_sb
949 _aTesis
_bBC
_cTES
_d33724002099736
_eTS2
_fc.2
_gDonaciØn
_h49383
_i108145
_sb
999 _c96505
_d96505